| 000 | 00699nam a22002297a 4500 | ||
|---|---|---|---|
| 003 | LC | ||
| 005 | 20160222122213.0 | ||
| 008 | 121116t xxu||||| |||| 00| 0 eng d | ||
| 020 | _a0553246348 | ||
| 050 |
_aPZ 7 _b.B61915 1970 |
||
| 082 |
_aFIC _b B61st 1999 |
||
| 100 |
_aBlish, James _918744 |
||
| 245 |
_aStar trek : _bspock must die _c James Blish |
||
| 260 |
_aNew York _bBantam Books _c1999 |
||
| 300 |
_g22 cm _a472 p. ; |
||
| 650 |
_a Interplanetary voyages -- _xFiction. _918745 |
||
| 650 |
_aspace ships _918746 |
||
| 650 |
_aFiction. Science fiction, American. _918747 |
||
| 650 |
_aStar Trek fiction. Science fiction. Short stories. _918748 |
||
| 942 |
_2lcc _cBK |
||
| 999 |
_c11057 _d11057 |
||